| 000 | 00646nam a22002057a 4500 | ||
|---|---|---|---|
| 005 | 20231211164552.0 | ||
| 010 | _aENG-138521 | ||
| 020 |
_a9789357311663 _c399.00 |
||
| 035 | _aEN-122053 | ||
| 037 | _bDBAD/PUB | ||
| 082 |
_aS _2First |
||
| 100 |
_aSaxena, Shikha Akhilesh _959764 |
||
| 245 |
_aNation First/ _cBy Shikha Akhilesh Saxena and Forward By V.P Malik |
||
| 250 | _aFirst | ||
| 260 |
_aGurugram _bHachette Book Publishing Pvt Ltd _c2023 |
||
| 270 |
_a4th &5th Floors, Corporate Centre, Plot No.94 Sector 44 _bGurugram _e122003 |
||
| 300 |
_a224p. _c20cm(pbk) |
||
| 700 |
_aMalik, V.P _eForward _959197 |
||
| 942 |
_2ddc _cEN _hS _mSHI |
||
| 999 |
_c199308 _d199308 |
||